Media, communication, culture : a global approach /
Ideology, consciousness, hegemony. Social rules and power. Culture and cultural power. The active audience. Meaning in motion. Itineraries of the everyday.
Salvato in:
| Autore principale: | |
|---|---|
| Natura: | Libro |
| Lingua: | English |
| Pubblicazione: |
Cambridge :
Polity Press,
2000.
|
| Edizione: | 2nd ed. |
| Soggetti: | |
| Tags: |
Aggiungi Tag
Nessun Tag, puoi essere il primo ad aggiungerne! !
|
| Thư viện lưu trữ: | Mạng thư viện Đại học Đà Nẵng |
|---|
| LEADER | 01002cam a2200349 i 4500 | ||
|---|---|---|---|
| 001 | 000048383 | ||
| 003 | 8099 | ||
| 005 | 20030307082433.0 | ||
| 008 | 010323|2000 vm 000 eng | ||
| 020 | |a 0745621910 | ||
| 040 | |a IRC |c IRC |d IRC | ||
| 041 | 0 | |a eng | |
| 082 | 1 | 4 | |a 302.23 |b LU-J |
| 100 | 1 | |a Lull, James. | |
| 245 | 0 | 0 | |a Media, communication, culture : |b a global approach / |c James Lull. |
| 250 | |a 2nd ed. | ||
| 260 | |a Cambridge : |b Polity Press, |c 2000. | ||
| 300 | |a 308 p. ; |c 23cm. | ||
| 520 | 3 | |a Ideology, consciousness, hegemony. Social rules and power. Culture and cultural power. The active audience. Meaning in motion. Itineraries of the everyday. | |
| 630 | 0 | 4 | |a Culture. |
| 630 | 0 | 4 | |a Mass media. |
| 650 | 0 | 4 | |a Mass media and culture. |
| OWN | |a DUT | ||
| 999 | |a From the UDN01 | ||
| TYP | |a Monograph | ||
| TYP | |a Printed language | ||
| 980 | |a Mạng thư viện Đại học Đà Nẵng | ||


